Ley de Ordenamiento Fiscal: no se vale oponerse por oponerse /
שמור ב:
| מחבר ראשי: | |
|---|---|
| פורמט: | Texto |
| נושאים: | |
| תגים: |
הוספת תג
אין תגיות, היה/י הראשונ/ה לתייג את הרשומה!
|
MARC
| LEADER | 00000 a a2200000 04500 | ||
|---|---|---|---|
| 001 | 8210 | ||
| 003 | |||
| 040 | |||
| 100 | |a Laclé Castro, Rolando | ||
| 245 | |a Ley de Ordenamiento Fiscal: |b no se vale oponerse por oponerse / |c Rolando Laclé Castro | ||
| 650 | |a IMPUESTOS | ||
| 650 | |a DEFICIT | ||
| 650 | |a RECAUDACION | ||
| 650 | |a PRODUCTO INTERNO BRUTO | ||
| 650 | |a INFLACION | ||
| 650 | |a REFORMA TRIBUTARIA | ||
| 650 | |a LEGISLACION | ||
| 773 | |g volumen 5, número 3; páginas 51-55 | ||
| 999 | |c 37294 |d 37294 | ||
